| 000 | 00553nam a22002057a 4500 | ||
|---|---|---|---|
| 999 |
_c6361 _d6361 |
||
| 003 | OSt | ||
| 005 | 20191028120442.0 | ||
| 008 | 191028b ||||| |||| 00| 0 eng d | ||
| 020 | _a0195075641 | ||
| 040 | _cDDC | ||
| 082 | _a541.92 SPO 1994 | ||
| 100 |
_aSposito, Garrison _912932 |
||
| 245 | _aChemical Equilibria and Kinetics in Soils | ||
| 260 |
_aOxford University Press, _c1994 |
||
| 300 |
_ax,268p; _bIll: _c24cm |
||
| 504 | _aReferences, & index included | ||
| 650 |
_aChemicals _911311 |
||
| 650 |
_aSoil kinetics _913001 |
||
| 942 |
_2z _cB_BANK |
||